01325cam4a220037300 4500001001200000005001700012008004100029010001600070035001900086035002200105035002200127040000900149050001800158082000800176245006800184250001600252260004100268350000900309504002900318650004400347740001500391949005100406949006100457949005100518949005100569949005100620949005100671949005100722949005100773949005100824949005100875004000600926999001900932qce0127535020190826200544.0770415s1961 nyuabc e 000 0deng  a 61006565 a(Sirsi) r63238 a(QCAT)lss01556551 a(UPRA)qce01275350 dUPRA aAE5bENC 1961 a03104aThe Encyclopedia Americana :bthe international reference work. a[1961 ed.]. aNew York :bAmericana Corp.,c[1961] 50.00 aIncludes bibliographies. 0aEncyclopedias and dictionaries.6S750.10 aAmericana. aAE5vVOL. 1wlcci-83706mMAINtBOOKlON-SHELF aAE5vVOL. wlcci-83707mMAINp5000tREFRENCElREFERENCE aAE5vVOL. 2wlcci-83708mMAINtBOOKlON-SHELF aAE5vVOL. 3wlcci-83709mMAINtBOOKlON-SHELF aAE5vVOL. 4wlcci-83710mMAINtBOOKlON-SHELF aAE5vVOL. 5wlcci-83711mMAINtBOOKlON-SHELF aAE5vVOL. 6wlcci-83712mMAINtBOOKlON-SHELF aAE5vVOL. 7wlcci-83713mMAINtBOOKlON-SHELF aAE5vVOL. 8wlcci-83714mMAINtBOOKlON-SHELF aAE5vVOL. 9wlcci-83715mMAINtBOOKlON-SHELF63238 c170733d170733